[Event "Macieja Memorial"]
[Site "Warsaw POL"]
[Date "2022.07.08"]
[Round "5.17"]
[White "Olszewski, Michal"]
[Black "Raczek, Krzysztof"]
[Result "0-1"]
[WhiteElo "2344"]
[BlackElo "1951"]
[EventDate "????.??.??"]
[PlyCount "160"]

1.Nf3 Nf6 2.c4 g6 3.Nc3 Bg7 4.e4 d6 5.d4 O-O 6.h3 c5 7.d5 e6 8.Bd3 exd5 9.cxd5 
Re8 10.O-O a6 11.a4 Nbd7 12.Be3 b6 13.Rc1 Bb7 14.Nd2 Ne5 15.Be2 Rc8 16.f4 Ned7 
17.Bf2 b5 18.axb5 axb5 19.Bxb5 Ra8 20.Re1 Ba6 21.Bxa6 Rxa6 22.Nc4 Nb6 23.Na3 
Qa8 24.Nab5 Qd8 25.Qb3 Ra8 26.Nxd6 Qxd6 27.e5 Qd8 28.exf6 Rxe1+ 29.Rxe1 Bxf6 
30.Bxc5 Nd7 31.Bf2 Rb8 32.Qc2 Nb6 33.Rd1 Nc4 34.Ne4 Nd6 35.Nxf6+ Qxf6 36.Qc3 
Ne4 37.Qxf6 Nxf6 38.d6 Nd7 39.Bd4 Re8 40.Ra1 f6 41.Ra7 Rd8 42.b4 Kf7 43.b5 Ke6 
44.b6 Kxd6 45.b7 Rb8 46.Ra6+ Kc7 47.Bxf6 Rxb7 48.Bd4 Rb1+ 49.Kf2 Rd1 50.Be3 Kd8 
51.Kf3 Ke7 52.Ra7 Rd5 53.g4 Kf7 54.Ke4 Rd1 55.Bd4 Ke7 56.Ra8 Re1+ 57.Kd5 Nf6+ 
58.Kc4 Nd7 59.Rh8 Rc1+ 60.Kd3 Rd1+ 61.Ke3 h5 62.gxh5 gxh5 63.Rxh5 Ke6 64.Rh7 
Re1+ 65.Kf3 Rd1 66.Be3 Nf6 67.Ra7 Rd5 68.Ra6+ Kf5 69.Ra8 Rb5 70.Rc8 Nd5 71.Rf8+ 
Ke6 72.Bd4 Ne7 73.Rf6+ Kd5 74.Be5 Nc6 75.Rd6+ Kc5 76.h4 Rb3+ 77.Kg4 Rb4 78.Kg5 
Re4 79.Kf5 Re1 80.Rd8 Nxd8 0-1

[Event "Macieja Memorial"]
[Site "Warsaw POL"]
[Date "2022.07.08"]
[Round "5.18"]
[White "Leniart, Arkadiusz"]
[Black "Sarkar, Justin"]
[Result "1-0"]
[WhiteElo "2327"]
[BlackElo "2006"]
[EventDate "????.??.??"]
[PlyCount "37"]

1.e4 e5 2.Nf3 Nc6 3.d4 exd4 4.Nxd4 Bb4+ 5.c3 Be7 6.f4 d6 7.Bd3 Nf6 8.O-O O-O 
9.Nxc6 bxc6 10.c4 Nd7 11.Nc3 Nc5 12.Bc2 f5 13.Be3 Nxe4 14.Nxe4 fxe4 15.Bxe4 Bd7 
16.Qh5 h6 17.Qg6 Rf6 18.Qh7+ Kf7 19.Bd4 1-0

[Event "Macieja Memorial"]
[Site "Warsaw POL"]
[Date "2022.07.08"]
[Round "5.19"]
[White "Rudnicka, Ewa"]
[Black "Kuzmicz, Krystian"]
[Result "0-1"]
[WhiteElo "1937"]
[BlackElo "2307"]
[EventDate "????.??.??"]
[PlyCount "68"]

1.d4 c5 2.d5 g6 3.Nf3 Bg7 4.e4 d6 5.a4 Nf6 6.Nc3 O-O 7.h3 Na6 8.Bf4 Nc7 9.Bd3 
Bd7 10.O-O a6 11.a5 Nb5 12.Qd2 Nxc3 13.bxc3 c4 14.Bxc4 Nxe4 15.Qe3 Nxc3 16.Bg5 
Re8 17.Nd4 Nb5 18.Bxb5 axb5 19.Rfe1 Rxa5 20.Rxa5 Qxa5 21.Nb3 Qc7 22.Qd2 Bc3 
23.Qe2 Bxe1 24.Qxe1 Qxc2 25.Nd4 Qd3 26.Be3 e5 27.dxe6 Bxe6 28.Qa5 Qc4 29.Qa7 b4 
30.Qxb7 b3 31.Nxe6 Qxe6 32.Bd4 Qc4 33.Bb2 Re1+ 34.Kh2 Qf4+ 0-1

[Event "Macieja Memorial"]
[Site "Warsaw POL"]
[Date "2022.07.08"]
[Round "5.20"]
[White "Nguyen, Piotr"]
[Black "Bartel, Marta"]
[Result "1-0"]
[WhiteElo "2300"]
[BlackElo "1946"]
[EventDate "????.??.??"]
[PlyCount "103"]

1.d4 Nf6 2.Bg5 e6 3.Nd2 d5 4.e4 dxe4 5.Nxe4 Be7 6.Bxf6 Bxf6 7.Nf3 O-O 8.Bd3 b6 
9.Qe2 Bb7 10.O-O-O Nd7 11.h4 Qe7 12.g4 g6 13.h5 Bg7 14.hxg6 hxg6 15.Rh3 c5 
16.dxc5 Nxc5 17.Nxc5 Qxc5 18.Nd2 Qe5 19.Qxe5 Bxe5 20.Be4 Bxe4 21.Nxe4 Rfd8 
22.Rhd3 Rxd3 23.Rxd3 Rc8 24.b3 Kg7 25.a4 Rc7 26.c4 f5 27.gxf5 gxf5 28.Nd2 Bf4 
29.Kc2 Bxd2 30.Kxd2 Kf6 31.Kc3 f4 32.b4 Kf5 33.f3 e5 34.Rd8 Rh7 35.Kd3 Rh1 
36.Rf8+ Ke6 37.Ra8 Re1 38.Rxa7 Re3+ 39.Kd2 Rxf3 40.Ra6 Ra3 41.Rxb6+ Kf5 42.a5 
Ra2+ 43.Kc3 f3 44.Rb8 e4 45.Rf8+ Kg4 46.Kd4 Re2 47.a6 f2 48.a7 Ra2 49.Rxf2 Rxa7 
50.Kxe4 Ra4 51.Rg2+ Kh3 52.Rb2 1-0

[Event "Macieja Memorial"]
[Site "Warsaw POL"]
[Date "2022.07.08"]
[Round "5.21"]
[White "Kowalski, Igor"]
[Black "Dylag, Emilia"]
[Result "1-0"]
[WhiteElo "2287"]
[BlackElo "1930"]
[EventDate "????.??.??"]
[PlyCount "53"]

1.d4 d5 2.c4 e6 3.Nc3 Bb4 4.Nf3 Nf6 5.cxd5 exd5 6.Bg5 h6 7.Bh4 g5 8.Bg3 Ne4 
9.Nd2 Nxc3 10.bxc3 Bd6 11.e3 c6 12.Bd3 h5 13.Rb1 b6 14.e4 Be6 15.exd5 Bxd5 
16.O-O Kf8 17.c4 Be6 18.Nb3 Be7 19.Re1 Na6 20.Be4 Rc8 21.d5 cxd5 22.cxd5 Bg4 
23.f3 h4 24.Be5 f6 25.d6 fxe5 26.dxe7+ Qxe7 27.fxg4 1-0

[Event "Macieja Memorial"]
[Site "Warsaw POL"]
[Date "2022.07.08"]
[Round "5.22"]
[White "Paprocki, Jaroslaw"]
[Black "Karolczuk, Iwo"]
[Result "0-1"]
[WhiteElo "1909"]
[BlackElo "2281"]
[EventDate "????.??.??"]
[PlyCount "85"]

1.d4 Nf6 2.c4 g6 3.f3 Bg7 4.e4 O-O 5.Nc3 d6 6.Be3 a6 7.Nge2 c6 8.Qd2 b5 9.Nc1 
bxc4 10.Bxc4 d5 11.exd5 Nxd5 12.Nxd5 cxd5 13.Bb3 a5 14.O-O a4 15.Bc2 Nc6 16.Ne2 
Qb6 17.Rfd1 Qxb2 18.Nc3 e6 19.Bxa4 Qxd2 20.Rxd2 Na5 21.Rdd1 Nc4 22.Bc1 Ba6 
23.Bc6 Rac8 24.Bb5 Bb7 25.a4 e5 26.Ne2 e4 27.a5 Nd6 28.a6 Nxb5 29.axb7 Rb8 
30.Rb1 Rxb7 31.Ba3 Re8 32.fxe4 Rxe4 33.Ng3 Rxd4 34.Re1 h5 35.Re8+ Kh7 36.Ne2 
Re4 37.Rxe4 dxe4 38.Nf4 Bd4+ 39.Kf1 Rb6 40.Be7 Nc3 41.Rc1 e3 42.h4 Rb2 43.Re1 0-1

[Event "Macieja Memorial"]
[Site "Warsaw POL"]
[Date "2022.07.08"]
[Round "5.23"]
[White "Gorniewicz, Oskar"]
[Black "Jarmula, Lukasz"]
[Result "1/2-1/2"]
[WhiteElo "1895"]
[BlackElo "2246"]
[EventDate "????.??.??"]
[PlyCount "125"]

1.d4 d5 2.Nf3 Nf6 3.e3 c5 4.c4 cxd4 5.Nxd4 e5 6.Nf3 e4 7.Nd4 Nc6 8.cxd5 Qxd5 
9.Nc3 Bb4 10.Bd2 Bxc3 11.Bxc3 O-O 12.Qb3 Qg5 13.Qb5 Qg6 14.Nxc6 bxc6 15.Qxc6 
Be6 16.Ba6 Rad8 17.Bxf6 Qxf6 18.O-O Qe5 19.b3 Rd6 20.Qa4 Bd7 21.Qa3 Rh6 22.g3 
Qh5 23.h4 Qf3 24.Rfe1 Rf6 25.Qb2 Qg4 26.Bf1 Bf5 27.Bg2 Rg6 28.Rac1 h5 29.Rc5 
Be6 30.Qe5 Re8 31.Qxh5 Qxh5 32.Rxh5 f5 33.Rg5 Rxg5 34.hxg5 Rd8 35.Rc1 Rd2 
36.Rc6 Kf7 37.Ra6 Rd7 38.g6+ Ke7 39.Bh3 Rc7 40.Bf1 Bc8 41.Ra5 Kf6 42.Kg2 Kxg6 
43.Bc4 Kf6 44.a4 g5 45.Rb5 Ba6 46.Rb4 Bb7 47.a5 Bc6 48.a6 f4 49.gxf4 gxf4 
50.Kf1 fxe3 51.fxe3 Ke5 52.Ke2 Rg7 53.Bb5 Bd5 54.Rd4 Bxb3 55.Rd7 Rxd7 56.Bxd7 
Bc4+ 57.Kd2 Bxa6 58.Kc3 Kd5 59.Bf5 Bd3 60.Kb4 Ke5 61.Bd7 Kf6 62.Kc5 Kg5 63.Kd4 1/2-1/2

[Event "Macieja Memorial"]
[Site "Warsaw POL"]
[Date "2022.07.08"]
[Round "5.24"]
[White "Janeczko, Jakub"]
[Black "Sriram, Jha"]
[Result "0-1"]
[WhiteElo "1877"]
[BlackElo "2239"]
[EventDate "????.??.??"]
[PlyCount "65"]

1.e4 d6 2.b3 Nf6 3.d3 g6 4.Bb2 Bg7 5.Nd2 O-O 6.f4 c5 7.Ngf3 Nc6 8.Be2 Ng4 
9.Bxg7 Ne3 10.Qc1 Kxg7 11.Nf1 Nxf1 12.Rxf1 e5 13.fxe5 dxe5 14.Qe3 Nd4 15.O-O-O 
Qa5 16.Kb2 f6 17.c3 Nb5 18.Qd2 Be6 19.a4 Nd6 20.c4 Qb6 21.a5 Qc7 22.h3 b5 23.g4 
h6 24.Ne1 Rab8 25.Kc2 Rfd8 26.Qe3 Qxa5 27.Rb1 bxc4 28.dxc4 Nxc4 29.Bxc4 Bxc4 
30.Rf2 Be6 31.h4 Bxg4 32.Nd3 c4 33.b4 0-1

[Event "Macieja Memorial"]
[Site "Warsaw POL"]
[Date "2022.07.08"]
[Round "5.25"]
[White "Reza, Wojciech"]
[Black "Rozumek, Krzysztof"]
[Result "1-0"]
[WhiteElo "2230"]
[BlackElo "1870"]
[EventDate "????.??.??"]
[PlyCount "51"]

1.c4 e5 2.g3 c6 3.Nf3 d6 4.Bg2 f5 5.O-O Nf6 6.Nc3 Be7 7.c5 O-O 8.d3 Nbd7 9.cxd6 
Bxd6 10.b3 Qe7 11.Bb2 Re8 12.Nd2 Nf8 13.Nc4 Bc7 14.a4 Qf7 15.Ba3 Be6 16.Rb1 
Rad8 17.Qc2 Nd5 18.Rfc1 Ng6 19.b4 h5 20.b5 h4 21.bxc6 bxc6 22.Rb7 Rd7 23.Rxc7 
Rxc7 24.Nd6 Qd7 25.Nxe8 Qxe8 26.Nxd5 1-0

[Event "Macieja Memorial"]
[Site "Warsaw POL"]
[Date "2022.07.08"]
[Round "5.26"]
[White "Sieciechowicz, Marcin"]
[Black "Jedrusik, Adam"]
[Result "1-0"]
[WhiteElo "2228"]
[BlackElo "1854"]
[EventDate "????.??.??"]
[PlyCount "75"]

1.d4 Nf6 2.c4 e6 3.Nc3 Bb4 4.Qc2 d5 5.cxd5 Qxd5 6.Nf3 Qf5 7.Qxf5 exf5 8.Bd2 O-O 
9.e3 c6 10.Bd3 h6 11.O-O Be6 12.a3 Bd6 13.b4 Nbd7 14.Rfc1 a6 15.h3 Rfe8 16.Be1 
Nb6 17.Nd2 g6 18.Rab1 Nfd5 19.Nb3 Kg7 20.Nc5 Re7 21.a4 Nxc3 22.Bxc3 Bd5 23.Bd2 
Rae8 24.b5 axb5 25.axb5 Nc8 26.bxc6 bxc6 27.Nb7 Bc7 28.Bb4 Re6 29.Nc5 Rf6 
30.Ra1 Nd6 31.Na6 Bb6 32.Rcb1 Bd8 33.Bxd6 Rxd6 34.Nc5 Bf6 35.Ra7 Rdd8 36.g4 
fxg4 37.hxg4 Be6 38.Rbb7 1-0

[Event "Macieja Memorial"]
[Site "Warsaw POL"]
[Date "2022.07.08"]
[Round "5.27"]
[White "Jarocka, Liwia"]
[Black "Pacan-milej, Kosma"]
[Result "0-1"]
[WhiteElo "1840"]
[BlackElo "2183"]
[EventDate "????.??.??"]
[PlyCount "90"]

1.d4 Nf6 2.c4 g6 3.Nc3 Bg7 4.e4 d6 5.Nf3 O-O 6.Be2 e5 7.Be3 Ng4 8.Bg5 f6 9.Bc1 
Nc6 10.O-O Nh6 11.Be3 Nf7 12.d5 Ne7 13.Nd2 f5 14.f3 Bh6 15.Bf2 fxe4 16.Ndxe4 
Nf5 17.Qd3 Nd4 18.Kh1 Bf5 19.Bxd4 exd4 20.Qxd4 Bg7 21.Qd1 Qh4 22.Qe1 Qh6 23.Ng3 
Bd7 24.Qc1 Qh4 25.f4 Nh6 26.Qe1 Rae8 27.Qf2 Bg4 28.Rae1 Bxe2 29.Ngxe2 Qxf2 
30.Rxf2 Ng4 31.Rf3 Bd4 32.Ref1 Bc5 33.Ng3 Ne3 34.Rc1 Nxc4 35.Nce4 Nxb2 36.Nxc5 
dxc5 37.h3 b6 38.f5 c4 39.Rf2 Nd3 40.Rfc2 Nxc1 41.Rxc1 b5 42.fxg6 hxg6 43.h4 
Re3 44.Nf1 Ra3 45.h5 gxh5 0-1

[Event "Macieja Memorial"]
[Site "Warsaw POL"]
[Date "2022.07.08"]
[Round "5.28"]
[White "Swiech, Joanna"]
[Black "Chomczyk, Marek"]
[Result "0-1"]
[WhiteElo "1703"]
[BlackElo "2172"]
[EventDate "????.??.??"]
[PlyCount "60"]

1.d4 Nf6 2.c4 c5 3.d5 b5 4.cxb5 a6 5.bxa6 Bxa6 6.Nc3 g6 7.e4 Bxf1 8.Kxf1 d6 
9.g3 Bg7 10.Kg2 O-O 11.Nge2 Nbd7 12.Qc2 Qb6 13.b3 Rfc8 14.Rb1 c4 15.bxc4 Qc5 
16.Qb3 Ng4 17.Rf1 Rab8 18.Qa3 Qxc4 19.Rxb8 Rxb8 20.Qa4 Nb6 21.Qxc4 Nxc4 22.h3 
Nge5 23.Bf4 Nd3 24.Rd1 Nxf4+ 25.gxf4 Rb2 26.Kf1 Nd2+ 27.Ke1 Nf3+ 28.Kf1 Rc2 
29.Rc1 Rxc1+ 30.Nxc1 Bxc3 0-1

[Event "Macieja Memorial"]
[Site "Warsaw POL"]
[Date "2022.07.08"]
[Round "5.29"]
[White "Chylewski, Patryk"]
[Black "Sacharewicz, Krzysztof"]
[Result "1-0"]
[WhiteElo "2131"]
[BlackElo "1776"]
[EventDate "????.??.??"]
[PlyCount "155"]

1.e4 c6 2.Nc3 d5 3.Nf3 dxe4 4.Nxe4 Nf6 5.Nxf6+ exf6 6.d4 Bd6 7.Be2 Bg4 8.O-O 
O-O 9.h3 Bh5 10.Re1 Nd7 11.Nd2 Bxe2 12.Rxe2 Re8 13.Nc4 Bf8 14.b3 Nb6 15.Nxb6 
Qxb6 16.Bb2 a5 17.a4 Rad8 18.Rxe8 Rxe8 19.Qd3 Qb4 20.Bc3 Qb6 21.Rd1 Bb4 22.Bb2 
Qc7 23.Qf5 Qc8 24.Qh5 b6 25.g3 Qe6 26.Qf3 Qe2 27.Kg2 Qxf3+ 28.Kxf3 g6 29.d5 
cxd5 30.Bxf6 Rc8 31.Rxd5 h5 32.g4 hxg4+ 33.hxg4 Bf8 34.c4 Bg7 35.Bxg7 Kxg7 
36.Rd6 f5 37.Rxb6 fxg4+ 38.Kxg4 Rd8 39.Rb5 Rd4+ 40.f4 Rd1 41.Rxa5 Rg1+ 42.Kf3 
Rh1 43.Ra6 Rh3+ 44.Kg4 Rxb3 45.c5 Rc3 46.c6 Kf7 47.Ra7+ Ke6 48.c7 Kd7 49.Kg5 
Rc6 50.a5 Kc8 51.Kg4 Rc5 52.Kf3 Rc4 53.Ke3 Rc6 54.Ke4 Rc5 55.Kd4 Rc6 56.Ke5 
Rc5+ 57.Ke4 Rc6 58.a6 Rb6 59.Kf3 Rc6 60.Kg4 Rb6 61.Kg5 Rc6 62.Ra8+ Kxc7 63.Rg8 
Rxa6 64.Rxg6 Ra1 65.Re6 Kd7 66.Re2 Rg1+ 67.Kf6 Kd6 68.f5 Rg3 69.Kf7 Ra3 70.f6 
Ra7+ 71.Kg6 Ra1 72.Kg7 Rg1+ 73.Kf8 Kd7 74.f7 Rg3 75.Rd2+ Ke6 76.Ke8 Ra3 77.Re2+ 
Kd6 78.f8=Q+ 1-0

[Event "Macieja Memorial"]
[Site "Warsaw POL"]
[Date "2022.07.08"]
[Round "5.31"]
[White "Lach, Aleksandra"]
[Black "Vanduyfhuys, Daria"]
[Result "0-1"]
[WhiteElo "2083"]
[BlackElo "1716"]
[EventDate "????.??.??"]
[PlyCount "144"]

1.e4 c5 2.Nc3 d6 3.Nge2 Nf6 4.g3 Nc6 5.Bg2 g6 6.d3 Bg7 7.h3 O-O 8.O-O Nd7 9.g4 
Rb8 10.Ng3 b5 11.f4 b4 12.Nce2 Qb6 13.Kh2 a5 14.Rb1 a4 15.Be3 Ba6 16.Qd2 Qb5 
17.f5 c4 18.d4 c3 19.bxc3 bxc3 20.Nxc3 Qa5 21.Rxb8 Rxb8 22.Rd1 Rb2 23.e5 Nb4 
24.Rc1 dxe5 25.d5 Nxa2 26.Nxa2 Qxd2 27.Bxd2 Rxa2 28.fxg6 hxg6 29.Bb4 Bf8 30.Ne4 
Bh6 31.g5 Bf8 32.Kg3 Rb2 33.c3 e6 34.Bxf8 Kxf8 35.dxe6 fxe6 36.Ra1 Bd3 37.Nf2 
Bf5 38.Rxa4 Rb3 39.Rc4 Nb6 40.Rc6 Nd5 41.Nd1 Rb1 42.Bxd5 exd5 43.Ne3 Be4 44.Ng4 
Rb3 45.Kf2 d4 46.cxd4 Bxc6 47.Nxe5 Be4 48.Nd7+ Ke7 49.Nc5 Rb2+ 50.Ke3 Bf5 
51.Kf4 Kd6 52.Na4 Ra2 53.Nc3 Rd2 54.Nb5+ Ke7 55.Ke5 Re2+ 56.Kd5 Be6+ 57.Kc5 
Rc2+ 58.Kb6 Rb2 59.Kc5 Bd7 60.Nc3 Rc2 61.Kb4 Kd6 62.Ne4+ Kd5 63.Nf6+ Ke6 64.d5+ 
Ke7 65.h4 Bf5 66.h5 gxh5 67.Nxh5 Rg2 68.Kc5 Rxg5 69.Nf4 Be4 70.Kc6 Rf5 71.Ng6+ 
Kf6 72.Nh4 Rxd5 0-1

[Event "Macieja Memorial"]
[Site "Warsaw POL"]
[Date "2022.07.08"]
[Round "5.32"]
[White "Chiszko, Oskar"]
[Black "Shilov, Sergej"]
[Result "1-0"]
[WhiteElo "1694"]
[BlackElo "2082"]
[EventDate "????.??.??"]
[PlyCount "55"]

1.e4 d6 2.d4 Nf6 3.Bd3 e5 4.d5 g6 5.Ne2 Bg7 6.c4 O-O 7.Nbc3 Nbd7 8.Be3 Ng4 
9.Qd2 Nxe3 10.Qxe3 Nc5 11.Bc2 a5 12.O-O-O f5 13.f3 Bd7 14.Rhg1 Qh4 15.g3 Qh5 
16.exf5 gxf5 17.Kb1 Kh8 18.f4 Rae8 19.Qf2 a4 20.Rde1 b6 21.h3 Qxh3 22.Rh1 Qg4 
23.Rh4 Qg6 24.g4 exf4 25.Reh1 h6 26.Nxf4 Qg5 27.Rh5 Qe7 28.Ng6+ 1-0

[Event "Macieja Memorial"]
[Site "Warsaw POL"]
[Date "2022.07.08"]
[Round "5.33"]
[White "Niezhentsev, Kyrylo"]
[Black "Klim, Filip"]
[Result "1-0"]
[WhiteElo "2054"]
[BlackElo "1664"]
[EventDate "????.??.??"]
[PlyCount "95"]

1.e4 c5 2.Nf3 d6 3.d4 cxd4 4.Nxd4 Nf6 5.f3 e5 6.Nb3 d5 7.Bg5 Be6 8.exd5 Qxd5 
9.Qxd5 Nxd5 10.a3 h6 11.Bd2 Nc6 12.Bb5 O-O-O 13.Bxc6 bxc6 14.O-O c5 15.Nc3 c4 
16.Na5 Bc5+ 17.Kh1 Kc7 18.b3 cxb3 19.Nxb3 Bb6 20.Ne4 f5 21.Nec5 Bf7 22.Rad1 
Rhe8 23.a4 e4 24.fxe4 Bh5 25.exd5 Bxd1 26.Bf4+ Kc8 27.Rxd1 Rxd5 28.Nd3 a5 29.c4 
Rd7 30.c5 Bc7 31.Bxc7 Rxc7 32.Nxa5 Ra7 33.Nc4 Kc7 34.a5 Kc6 35.Nce5+ Kb5 
36.Rb1+ Ka4 37.Rb4+ Ka3 38.Nc4+ Ka2 39.Rb2+ Ka1 40.h3 Re4 41.Nd2 Re1+ 42.Kh2 
Rb7 43.Rxb7 Rd1 44.Nb3+ Ka2 45.Ndc1+ Ka3 46.a6 f4 47.a7 Rd8 48.Rb8 1-0

[Event "Macieja Memorial"]
[Site "Warsaw POL"]
[Date "2022.07.08"]
[Round "5.34"]
[White "Hemmerling, Jaroslaw"]
[Black "Dovzhenko, Alexander"]
[Result "0-1"]
[WhiteElo "1602"]
[BlackElo "2052"]
[EventDate "????.??.??"]
[PlyCount "72"]

1.e4 c5 2.Nf3 d6 3.d4 cxd4 4.Nxd4 Nf6 5.Nc3 a6 6.Bg5 e6 7.f4 Be7 8.Qf3 Qc7 
9.O-O-O Nc6 10.g4 Bd7 11.Bxf6 gxf6 12.Nxc6 Bxc6 13.Bg2 Rc8 14.Rd2 b5 15.Qe3 b4 
16.Ne2 Qa5 17.Kb1 Qc5 18.Qxc5 dxc5 19.Nc1 c4 20.Ne2 h5 21.h3 hxg4 22.hxg4 Rxh1+ 
23.Bxh1 Bc5 24.c3 bxc3 25.bxc3 Rb8+ 26.Ka1 Be3 27.Rd1 Ke7 28.Nd4 Ba8 29.Re1 
Bxf4 30.Bf3 Be5 31.Rh1 Rd8 32.Nc2 Bxc3+ 33.Kb1 Bd2 34.Rh7 c3 35.Na3 Rd4 36.Nc2 
Rd3 0-1

[Event "Macieja Memorial"]
[Site "Warsaw POL"]
[Date "2022.07.08"]
[Round "5.35"]
[White "Pedzich, Dominik"]
[Black "Rekuc, Patryk"]
[Result "0-1"]
[WhiteElo "2350"]
[BlackElo "1762"]
[EventDate "????.??.??"]
[PlyCount "72"]

1.e4 c5 2.Nf3 d6 3.Bb5+ Nd7 4.d4 cxd4 5.Qxd4 Nf6 6.Bg5 e5 7.Qd3 a6 8.Bxd7+ Bxd7 
9.Nc3 Rc8 10.O-O h6 11.Bxf6 Qxf6 12.Nd2 Qg6 13.Nd5 Be7 14.c4 Be6 15.Rfe1 Bxd5 
16.Qxd5 Rc7 17.Nf1 O-O 18.Ne3 Rfc8 19.b3 Qe6 20.Qd3 g6 21.a4 Bf8 22.a5 Bg7 
23.Rad1 Rc6 24.Qb1 Qd7 25.Rd5 Rc5 26.Red1 Rxd5 27.Nxd5 Rc6 28.Ne3 Qd8 29.Rd5 
Bf8 30.Qd3 Qc7 31.Qd2 b6 32.b4 Kh7 33.axb6 Qxb6 34.b5 axb5 35.Rxb5 Qd4 36.f3 
Qxd2 0-1

[Event "Macieja Memorial"]
[Site "Warsaw POL"]
[Date "2022.07.08"]
[Round "5.36"]
[White "Mikrut, Dariusz"]
[Black "Krasenkova, Elena"]
[Result "1-0"]
[WhiteElo "2266"]
[BlackElo "1832"]
[EventDate "????.??.??"]
[PlyCount "87"]

1.e4 c5 2.Nf3 g6 3.d4 Bg7 4.dxc5 Qa5+ 5.c3 Qxc5 6.Be3 Qa5 7.Bc4 Nc6 8.O-O Nf6 
9.Nbd2 d6 10.h3 O-O 11.Re1 a6 12.a4 Qc7 13.b4 Nd7 14.Qc2 Nce5 15.Bb3 Nxf3+ 
16.Nxf3 Qxc3 17.Rac1 Qxb4 18.Ng5 h6 19.Nxf7 Rxf7 20.Qa2 Ne5 21.f4 Nd3 22.Bxf7+ 
Kh7 23.Rb1 Qxe4 24.Bd5 Qf5 25.Rf1 Rb8 26.Qc4 Nb2 27.Qc7 Ra8 28.Bxb7 Bxb7 
29.Qxb7 Re8 30.Rxb2 Bxb2 31.Qxb2 Qe4 32.Qd4 Qc2 33.f5 gxf5 34.Qh4 f4 35.Bxf4 
Qc5+ 36.Kh2 h5 37.Bg5 Kg6 38.Bd2 Qe5+ 39.Rf4 Qd5 40.Qg3+ Kh7 41.Bc3 Rg8 42.Qf2 
e5 43.Rf7+ Kg6 44.Qf6# 1-0

[Event "Macieja Memorial"]
[Site "Warsaw POL"]
[Date "2022.07.08"]
[Round "6.1"]
[White "Nasuta, Grzegorz"]
[Black "Klekowski, Maciej"]
[Result "0-1"]
[WhiteElo "2366"]
[BlackElo "2476"]
[EventDate "????.??.??"]
[PlyCount "51"]

1.e4 c5 2.Nf3 e6 3.d4 cxd4 4.Nxd4 Nc6 5.Nc3 a6 6.a3 Qc7 7.Be3 b5 8.Nxc6 dxc6 
9.Qg4 Nf6 10.Qg3 Qxg3 11.hxg3 Ng4 12.Bd2 Bc5 13.f3 Ne5 14.a4 Rb8 15.axb5 cxb5 
16.Nd1 f5 17.Bc3 Bd6 18.f4 Nc6 19.Bxg7 Rg8 20.Bf6 Nb4 21.Rxh7 Nxc2+ 22.Kd2 Nxa1 
23.Be2 Rb7 24.Bh5+ Kf8 25.Rh6 Be7 26.Bc3 0-1

[Event "Macieja Memorial"]
[Site "Warsaw POL"]
[Date "2022.07.08"]
[Round "6.2"]
[White "Kosakowski, Jakub"]
[Black "Koziorowicz, Michal"]
[Result "0-1"]
[WhiteElo "2476"]
[BlackElo "2202"]
[EventDate "????.??.??"]
[PlyCount "104"]

1.e4 c5 2.Nf3 g6 3.c3 Bg7 4.d4 cxd4 5.cxd4 d5 6.e5 Bg4 7.Bb5+ Nd7 8.Nbd2 a6 
9.Be2 Bxf3 10.Nxf3 e6 11.O-O Ne7 12.Bd2 O-O 13.Rc1 Nc6 14.Bg5 Qb6 15.Qd2 Rfc8 
16.h4 h5 17.Rc3 a5 18.a4 Qb4 19.Bb5 Nb6 20.b3 Na7 21.Rxc8+ Rxc8 22.Rc1 Nxb5 
23.Qxb4 axb4 24.axb5 Bf8 25.Kf1 Rc3 26.Rxc3 bxc3 27.Ke2 Nc8 28.Kd3 Bb4 29.Ne1 
Na7 30.Nc2 Ba5 31.b4 Bb6 32.Na3 Kf8 33.Kxc3 Ke8 34.Be3 Kd7 35.Kb3 Bd8 36.Ka4 
Kc7 37.Nb1 Kb6 38.Nc3 Bxh4 39.g3 Be7 40.f4 h4 41.gxh4 Bxh4 42.Bg1 Be1 43.Ne2 
Nxb5 44.Kb3 Na7 45.Be3 Nc6 46.Nc1 Bxb4 47.Nd3 Be7 48.Nf2 Bh4 49.Ng4 Nd8 50.Bd2 
Be7 51.Ka4 Ka6 52.Ba5 b5+ 0-1

[Event "Macieja Memorial"]
[Site "Warsaw POL"]
[Date "2022.07.08"]
[Round "6.3"]
[White "Krasenkow, Michal"]
[Black "Socko, Bartosz"]
[Result "1-0"]
[WhiteElo "2369"]
[BlackElo "2624"]
[EventDate "????.??.??"]
[PlyCount "87"]

1.e4 e6 2.d3 c5 3.g3 d5 4.Nd2 Nc6 5.Bg2 Nf6 6.Ngf3 Bd6 7.Qe2 Bc7 8.exd5 Nxd5 
9.Nc4 b5 10.Nce5 Nxe5 11.Nxe5 Bb7 12.O-O Qc8 13.c4 bxc4 14.Nxc4 O-O 15.Be3 Rd8 
16.Rac1 Nxe3 17.Bxb7 Qxb7 18.fxe3 Rd7 19.Rc3 Rad8 20.Rd1 Qd5 21.Qg2 h5 22.b3 
Qg5 23.Qe4 Rd5 24.Kg2 Be5 25.Rc2 Bf6 26.Rf2 Qg4 27.Qxg4 hxg4 28.Rf4 Rxd3 
29.Rxd3 Rxd3 30.Rxg4 Rc3 31.Rf4 Bg5 32.Rf3 f5 33.e4 Rc2+ 34.Rf2 Rxf2+ 35.Kxf2 
Kf7 36.Nd6+ Ke7 37.Nc8+ Kf6 38.exf5 Kxf5 39.Nxa7 Ke4 40.Ke2 Kd5 41.Nb5 e5 42.a4 
e4 43.a5 Kc6 44.a6 1-0

[Event "Macieja Memorial"]
[Site "Warsaw POL"]
[Date "2022.07.08"]
[Round "6.4"]
[White "Markowski, Tomasz"]
[Black "Danielyan, Vahe"]
[Result "1-0"]
[WhiteElo "2504"]
[BlackElo "2419"]
[EventDate "????.??.??"]
[PlyCount "87"]

1.d4 Nf6 2.c4 g6 3.Nc3 Bg7 4.g3 O-O 5.Bg2 d6 6.Nf3 Nc6 7.O-O Nd7 8.Be3 e5 9.Rc1 
Re8 10.Qd2 exd4 11.Nxd4 Nce5 12.b3 Nc5 13.h3 c6 14.Rfd1 Qc7 15.Bh6 Bxh6 16.Qxh6 
a5 17.Rd2 Be6 18.Rcd1 Rad8 19.f4 Ned7 20.e4 Nf8 21.Kh2 Qe7 22.Nf3 Bc8 23.Nd4 f6 
24.Nde2 Nce6 25.Na4 Ng7 26.Nec3 Nfe6 27.Nb6 g5 28.f5 Nf8 29.Nxc8 Rxc8 30.Rxd6 
Rcd8 31.Qxf6 Qxf6 32.Rxf6 Rxd1 33.Nxd1 Nd7 34.Rd6 Ne5 35.Nc3 Kf7 36.c5 h5 
37.Bf1 Re7 38.Kg2 Ne8 39.Rd2 Nf6 40.Rd4 Ned7 41.Bc4+ Kg7 42.Be6 Nxc5 43.e5 Ne8 
44.f6+ 1-0

[Event "Macieja Memorial"]
[Site "Warsaw POL"]
[Date "2022.07.08"]
[Round "6.5"]
[White "Wieczorek, Oskar"]
[Black "Pakleza, Zbigniew"]
[Result "1-0"]
[WhiteElo "2330"]
[BlackElo "2467"]
[EventDate "????.??.??"]
[PlyCount "85"]

1.Nf3 d5 2.g3 Nf6 3.Bg2 Bf5 4.O-O e6 5.d3 Be7 6.Nc3 h6 7.e4 Bh7 8.exd5 exd5 
9.Re1 O-O 10.a3 c6 11.b4 Re8 12.Bb2 Nbd7 13.Qd2 Qc7 14.Ne2 a5 15.Ned4 Bf8 
16.Bh3 Rxe1+ 17.Rxe1 axb4 18.axb4 Re8 19.Bc3 Rxe1+ 20.Qxe1 Qd8 21.Nf5 Nb6 
22.Qe5 Nbd7 23.Nxh6+ gxh6 24.Bxd7 Bg7 25.Bf5 Bg6 26.Bxg6 fxg6 27.Qe6+ Kh7 
28.Qf7 Qd7 29.Ne5 Qf5 30.Qxb7 h5 31.h4 d4 32.Bxd4 Nd5 33.Nxc6 Nf6 34.Bxf6 Qxf6 
35.Qd7 Qb2 36.d4 Qxc2 37.Qe6 Bh6 38.Ne7 Bg7 39.d5 Qd1+ 40.Kg2 Qd3 41.d6 g5 
42.Qf5+ Qxf5 43.Nxf5 1-0

[Event "Macieja Memorial"]
[Site "Warsaw POL"]
[Date "2022.07.08"]
[Round "6.6"]
[White "Mickiewicz, Piotr"]
[Black "Janik, Igor"]
[Result "0-1"]
[WhiteElo "2209"]
[BlackElo "2456"]
[EventDate "????.??.??"]
[PlyCount "64"]

1.e4 c6 2.d4 d5 3.Nc3 g6 4.h3 Bg7 5.Nf3 dxe4 6.Nxe4 Nd7 7.Bc4 Ngf6 8.Ng3 O-O 
9.O-O c5 10.Re1 e6 11.dxc5 Nxc5 12.Bf4 Qb6 13.Bd6 Rd8 14.Bxc5 Rxd1 15.Bxb6 Rxa1 
16.Rxa1 axb6 17.Rd1 Bd7 18.c3 Bc6 19.Ne5 Bd5 20.a3 Rc8 21.Bxd5 Nxd5 22.Nf3 Kf8 
23.Ne4 Ke7 24.h4 b5 25.Rd3 f5 26.Ned2 Nb6 27.Nd4 Rd8 28.N2b3 Nc4 29.Nc5 Nxb2 
30.Re3 e5 31.Nxb7 Rd5 32.Nc6+ Kd7 0-1

[Event "Macieja Memorial"]
[Site "Warsaw POL"]
[Date "2022.07.08"]
[Round "6.7"]
[White "Dziuba, Marcin"]
[Black "Reza, Wojciech"]
[Result "0-1"]
[WhiteElo "2466"]
[BlackElo "2230"]
[EventDate "????.??.??"]
[PlyCount "78"]

1.Nf3 d5 2.g3 Nf6 3.Bg2 e6 4.O-O Be7 5.d3 O-O 6.Nbd2 c5 7.e4 Nc6 8.Re1 b5 9.e5 
Nd7 10.Nf1 Bb7 11.h4 Qc7 12.Bf4 Rfc8 13.h5 h6 14.Ne3 Qd8 15.Ng4 Bf8 16.Qd2 a5 
17.Bh3 a4 18.a3 b4 19.Nfh2 Nd4 20.Rab1 Ba6 21.c3 bxc3 22.bxc3 Nf5 23.Ne3 Nxe3 
24.Qxe3 d4 25.cxd4 cxd4 26.Qxd4 Nc5 27.Qxd8 Rxd8 28.Bg2 Rac8 29.Rec1 Nxd3 
30.Rxc8 Rxc8 31.Bf1 Bxa3 32.Rb6 Bc4 33.Be3 Nxe5 34.Rb7 Bf8 35.Ra7 a3 36.Bd4 
Bxf1 37.Bxe5 Bc4 38.Ng4 Bd5 39.f4 Bc5+ 0-1

[Event "Macieja Memorial"]
[Site "Warsaw POL"]
[Date "2022.07.08"]
[Round "6.8"]
[White "Brodowski, Piotr"]
[Black "Sieciechowicz, Marcin"]
[Result "1-0"]
[WhiteElo "2431"]
[BlackElo "2228"]
[EventDate "????.??.??"]
[PlyCount "79"]

1.c4 Nf6 2.Nc3 g6 3.g3 Bg7 4.Bg2 O-O 5.Nf3 c5 6.O-O d6 7.a3 Nc6 8.Rb1 a5 9.d3 
Ne8 10.Bg5 Nc7 11.Qd2 Re8 12.Bh6 Bh8 13.e3 e5 14.Ng5 Bg7 15.Bxg7 Kxg7 16.f4 h6 
17.Nf3 Qe7 18.Rbe1 Be6 19.h3 Rad8 20.Nh4 f5 21.e4 Nd4 22.exf5 Bxf5 23.Nxf5+ 
Nxf5 24.g4 Nd4 25.Bxb7 Nce6 26.Bg2 exf4 27.Rxf4 Qh4 28.Qf2 Qxf2+ 29.Rxf2 Ng5 
30.Ne4 Re5 31.h4 Nge6 32.Ref1 Rd7 33.Nf6 Re7 34.Nd5 Ra7 35.Be4 g5 36.hxg5 hxg5 
37.Ne3 Nf4 38.Rh2 Kg8 39.Nd5 Rh7 40.Bxh7+ 1-0

[Event "Macieja Memorial"]
[Site "Warsaw POL"]
[Date "2022.07.08"]
[Round "6.9"]
[White "Warakomski, Tomasz"]
[Black "Chylewski, Patryk"]
[Result "1/2-1/2"]
[WhiteElo "2397"]
[BlackElo "2131"]
[EventDate "????.??.??"]
[PlyCount "44"]

1.e4 e5 2.Bc4 Nc6 3.d3 Bc5 4.Nc3 d6 5.Na4 Bb4+ 6.c3 Ba5 7.b4 Bb6 8.Nxb6 axb6 
9.f4 Nf6 10.Nf3 O-O 11.O-O exf4 12.Bxf4 d5 13.exd5 Nxd5 14.Bxd5 Qxd5 15.Bxc7 b5 
16.Bb6 Bf5 17.Nd4 Bg6 18.Bc5 Rfe8 19.Nxb5 Rec8 20.a4 Qxd3 21.Nd6 Rc7 22.Qxd3 
Bxd3 1/2-1/2